<?xml version="1.0" encoding="UTF-8"?><?xml-stylesheet type="text/xsl" href="static/style.xsl"?><OAI-PMH xmlns="http://www.openarchives.org/OAI/2.0/" xmlns:xsi="http://www.w3.org/2001/XMLSchema-instance" xsi:schemaLocation="http://www.openarchives.org/OAI/2.0/ http://www.openarchives.org/OAI/2.0/OAI-PMH.xsd"><responseDate>2026-04-13T01:32:48Z</responseDate><request verb="GetRecord" identifier="oai:www.recercat.cat:2072/440994" metadataPrefix="marc">https://recercat.cat/oai/request</request><GetRecord><record><header><identifier>oai:recercat.cat:2072/440994</identifier><datestamp>2026-03-13T06:55:14Z</datestamp><setSpec>com_2072_98</setSpec><setSpec>col_2072_378192</setSpec></header><metadata><record xmlns="http://www.loc.gov/MARC21/slim" xmlns:dcterms="http://purl.org/dc/terms/" xmlns:xsi="http://www.w3.org/2001/XMLSchema-instance" xmlns:doc="http://www.lyncode.com/xoai" xsi:schemaLocation="http://www.loc.gov/MARC21/slim http://www.loc.gov/standards/marcxml/schema/MARC21slim.xsd">
   <leader>00925njm 22002777a 4500</leader>
   <datafield ind2=" " ind1=" " tag="042">
      <subfield code="a">dc</subfield>
   </datafield>
   <datafield ind2=" " ind1=" " tag="720">
      <subfield code="a">Rodríguez Borges, Rodrigo Fidel</subfield>
      <subfield code="e">author</subfield>
   </datafield>
   <datafield ind2=" " ind1=" " tag="260">
      <subfield code="c">2020</subfield>
   </datafield>
   <datafield ind2=" " ind1=" " tag="520">
      <subfield code="a">El nacimiento de la llamada era de la posverdad y el nuevo entorno digital de las redes sociales han sido acompañados por la multiplicación de comunicadores de todo tipo que se presentan como "periodistas ciudadanos". Este hecho coloca dos preguntas en primer plano: ¿qué distingue al periodismo profesional? ¿Y quién merece ser llamado periodista? Este texto intenta responder estas dos preguntas desde la perspectiva de la formación académica que los futuros periodistas deben adquirir, enfatizando los principios éticos básicos del periodismo y la necesidad de avanzar en una política de rendición de cuentas ante la opinión pública.</subfield>
   </datafield>
   <datafield ind2=" " ind1=" " tag="520">
      <subfield code="a">The birth of the so-called post-truth era and the new digital environment of social networks have been accompanied by the multiplication of communicators of all kinds who present themselves as "citizen journalists". This fact brings to the fore two important questions: What constitutes professional journalism? And who deserves to be called a journalist? This paper attempts to answer these two questions from the perspective of the academic training of future journalists, while emphasizing the basic ethical principles of journalism and the need to advance in a policy of accountability to public opinion.</subfield>
   </datafield>
   <datafield ind2=" " ind1=" " tag="520">
      <subfield code="a">El naixement de l'anomenada era de la postveritat i el nou entorn digital de les xarxes socials han estat acompanyats per la multiplicació de comunicadors de tota mena que es presenten com a "periodistes ciutadans". Aquest fet col·loca dues preguntes en primer pla: què distingeix el periodisme professional? I qui mereix ser anomenat periodista? Aquest text intenta respondre aquestes dues preguntes des de la perspectiva de la formació acadèmica que els futurs periodistes han d'adquirir i emfatitzant els principis ètics bàsics del periodisme i la necessitat d'avançar en una política de rendició de comptes davant l'opinió pública.</subfield>
   </datafield>
   <datafield tag="653" ind2=" " ind1=" ">
      <subfield code="a">Ciencias de la comunicación</subfield>
   </datafield>
   <datafield tag="653" ind2=" " ind1=" ">
      <subfield code="a">Periodismo</subfield>
   </datafield>
   <datafield tag="653" ind2=" " ind1=" ">
      <subfield code="a">Ética periodística</subfield>
   </datafield>
   <datafield tag="653" ind2=" " ind1=" ">
      <subfield code="a">Posverdad</subfield>
   </datafield>
   <datafield tag="653" ind2=" " ind1=" ">
      <subfield code="a">Universidad</subfield>
   </datafield>
   <datafield tag="653" ind2=" " ind1=" ">
      <subfield code="a">Rendición de cuentas</subfield>
   </datafield>
   <datafield tag="653" ind2=" " ind1=" ">
      <subfield code="a">Journalistic ethics</subfield>
   </datafield>
   <datafield tag="653" ind2=" " ind1=" ">
      <subfield code="a">Post-truth</subfield>
   </datafield>
   <datafield tag="653" ind2=" " ind1=" ">
      <subfield code="a">Journalism</subfield>
   </datafield>
   <datafield tag="653" ind2=" " ind1=" ">
      <subfield code="a">University</subfield>
   </datafield>
   <datafield tag="653" ind2=" " ind1=" ">
      <subfield code="a">Accountability</subfield>
   </datafield>
   <datafield tag="653" ind2=" " ind1=" ">
      <subfield code="a">Ètica periodística</subfield>
   </datafield>
   <datafield tag="653" ind2=" " ind1=" ">
      <subfield code="a">Postveritat</subfield>
   </datafield>
   <datafield tag="653" ind2=" " ind1=" ">
      <subfield code="a">Periodisme</subfield>
   </datafield>
   <datafield tag="653" ind2=" " ind1=" ">
      <subfield code="a">Universitat</subfield>
   </datafield>
   <datafield tag="653" ind2=" " ind1=" ">
      <subfield code="a">Rendició de comptes</subfield>
   </datafield>
   <datafield ind2="0" ind1="0" tag="245">
      <subfield code="a">El valor de los valores en el periodismo del siglo XXI : la formación ética del periodista en la era de la posverdad</subfield>
   </datafield>
</record></metadata></record></GetRecord></OAI-PMH>